50_日本の市区町村(ひらがな対応・五十音順) - Statistics

General Stats
  • This quiz has been taken 47 times
  • The average score is 761 of 1747
Answer Stats
種類 都道府県名 市町村名 % Correct
兵庫県 相生市
88%
福島県 会津若松市
88%
神奈川県 愛川町
75%
徳島県 藍住町
75%
青森県 青森市
75%
新潟県 阿賀野市
75%
新潟県 阿賀町
75%
福岡県 赤村
75%
高知県 安芸市
75%
東京都 昭島市
75%
広島県 安芸高田市
75%
秋田県 秋田市
75%
東京都 あきる野市
75%
埼玉県 上尾市
75%
埼玉県 朝霞市
75%
愛知県 あま市
75%
島根県 海士町
75%
徳島県 阿波市
75%
愛知県 愛西市
63%
福島県 会津坂下町
63%
福島県 会津美里町
63%
東京都 青ヶ島村
63%
長野県 青木村
63%
北海道 赤井川村
63%
岡山県 赤磐市
63%
兵庫県 明石市
63%
北海道 赤平市
63%
長野県 上松町
63%
兵庫県 赤穂市
63%
岡山県 浅口市
63%
北海道 旭川市
63%
千葉県 旭市
63%
三重県 | 富山県 | 山形県 朝日町
63%
長野県 朝日村
63%
栃木県 足利市
63%
神奈川県 厚木市
63%
長野県 安曇野市
63%
徳島県 阿南市
63%
長野県 阿南町
63%
千葉県 我孫子市
63%
兵庫県 尼崎市
63%
特別区 東京都 荒川区
63%
兵庫県 淡路市
63%
三重県 伊勢市
63%
特別区 東京都 板橋区
63%
千葉県 市原市
63%
東京都 稲城市
63%
長野県 伊那市
63%
茨城県 稲敷市
63%
埼玉県 伊奈町
63%
愛知県 犬山市
63%
大阪府 茨木市
63%
茨城県 茨城町
63%
岡山県 井原市
63%
富山県 射水市
63%
埼玉県 入間市
63%
福島県 いわき市
63%
岩手県 岩手町
63%
北海道 岩見沢市
63%
鳥取県 岩美町
63%
長野県 上田市
63%
山梨県 上野原市
63%
群馬県 上野村
63%
茨城県 牛久市
63%
京都府 宇治市
63%
北海道 歌志内市
63%
千葉県 浦安市
63%
特別区 東京都 江戸川区
63%
青森県 おいらせ町
63%
東京都 青梅市
63%
茨城県 大洗町
63%
群馬県 大泉町
63%
福井県 おおい町
63%
神奈川県 大井町
63%
大阪府 大阪市
63%
宮城県 大崎市
63%
鹿児島県 大崎町
63%
東京都 大島町
63%
特別区 東京都 大田区
63%
群馬県 太田市
63%
山梨県 大月市
63%
高知県 大月町
63%
滋賀県 大津市
63%
岩手県 大船渡市
63%
青森県 大間町
63%
秋田県 男鹿市
63%
長野県 岡谷市
63%
岡山県 岡山市
63%
埼玉県 小川町
63%
長野県 小川村
63%
長野県 麻績村
63%
山梨県 甲斐市
63%
兵庫県 加古川市
63%
岡山県 笠岡市
63%
茨城県 鹿嶋市
63%
佐賀県 鹿島市
63%
熊本県 嘉島町
63%
千葉県 柏市
63%
福岡県 春日市
63%
埼玉県 春日部市
63%
茨城県 かすみがうら市
63%
埼玉県 加須市
63%
千葉県 勝浦市
63%
徳島県 勝浦町
63%
特別区 東京都 葛飾区
63%
福井県 勝山市
63%
千葉県 香取市
63%
石川県 金沢市
63%
岐阜県 可児市
63%
神奈川県 鎌倉市
63%
福岡県 嘉麻市
63%
北海道 上川町
63%
兵庫県 神河町
63%
埼玉県 神川町
63%
高知県 香美市
63%
兵庫県 香美町
63%
宮城県 加美町
63%
新潟県 加茂市
63%
長野県 軽井沢町
63%
埼玉県 川口市
63%
埼玉県 川越市
63%
三重県 川越町
63%
神奈川県 川崎市
63%
宮城県 | 福岡県 川崎町
63%
埼玉県 川島町
63%
群馬県 川場村
63%
群馬県 神流町
63%
秋田県 北秋田市
63%
茨城県 北茨城市
63%
特別区 東京都 北区
63%
愛知県 北名古屋市
63%
北海道 北広島市
63%
広島県 北広島町
63%
京都府 京丹後市
63%
京都府 京都市
63%
東京都 清瀬市
63%
群馬県 桐生市
63%
北海道 釧路市
63%
北海道 釧路町
63%
東京都 国立市
63%
岩手県 九戸村
63%
三重県 熊野市
63%
広島県 熊野町
63%
熊本県 球磨村
63%
岡山県 倉敷市
63%
茨城県 古河市
63%
福岡県 古賀市
63%
青森県 五所川原市
63%
青森県 五戸町
63%
埼玉県 さいたま市
63%
青森県 佐井村
63%
福井県 坂井市
63%
大阪府 堺市
63%
茨城県 境町
63%
鳥取県 境港市
63%
佐賀県 佐賀市
63%
広島県 坂町
63%
長野県 佐久市
63%
茨城県 桜川市
63%
栃木県 さくら市
63%
千葉県 佐倉市
63%
北海道 札幌市
63%
埼玉県 狭山市
63%
青森県 三戸町
63%
静岡県 静岡市
63%
青森県 七戸町
63%
特別区 東京都 渋谷区
63%
三重県 志摩市
63%
長野県 下諏訪町
63%
静岡県 下田市
63%
栃木県 下野市
63%
茨城県 下妻市
63%
群馬県 下仁田町
63%
山口県 下関市
63%
山梨県 昭和町
63%
福島県 | 群馬県 昭和村
63%
埼玉県 白岡市
63%
福島県 白河市
63%
岐阜県 白川町
63%
岐阜県 白川村
63%
特別区 東京都 新宿区
63%
愛知県 新城市
63%
北海道 新ひだか町
63%
特別区 東京都 杉並区
63%
長野県 諏訪市
63%
岐阜県 関市
63%
大阪府 摂津市
63%
宮城県 仙台市
63%
埼玉県 草加市
63%
特別区 東京都 台東区
63%
兵庫県 多可町
63%
大阪府 高槻市
63%
香川県 高松市
63%
岐阜県 高山市
63%
群馬県 | 長野県 高山村
63%
東京都 多摩市
63%
茨城県 筑西市
63%
長野県 筑北村
63%
埼玉県 秩父市
63%
特別区 東京都 中央区
63%
山梨県 中央市
63%
茨城県 つくば市
63%
茨城県 つくばみらい市
63%
三重県 津市
63%
山形県 鶴岡市
63%
福井県 敦賀市
63%
山梨県 都留市
63%
奈良県 天理市
63%
愛知県 東海市
63%
茨城県 東海村
63%
岐阜県 土岐市
63%
特別区 東京都 豊島区
63%
栃木県 栃木市
63%
群馬県 富岡市
63%
福島県 富岡町
63%
愛知県 豊川市
63%
愛知県 豊田市
63%
愛知県 豊橋市
63%
山形県 長井市
63%
茨城県 那珂市
63%
徳島県 那賀町
63%
特別区 東京都 中野区
63%
長野県 中野市
63%
長野県 長野市
63%
群馬県 中之条町
63%
群馬県 長野原町
63%
沖縄県 名護市
63%
愛知県 名古屋市
63%
栃木県 那須烏山市
63%
栃木県 那須塩原市
63%
栃木県 那須町
63%
沖縄県 那覇市
63%
奈良県 奈良市
63%
千葉県 成田市
63%
群馬県 | 長野県 南牧村
63%
新潟県 新潟市
63%
秋田県 にかほ市
63%
兵庫県 西宮市
63%
栃木県 日光市
63%
岩手県 二戸市
63%
群馬県 沼田市
63%
北海道 沼田町
63%
静岡県 沼津市
63%
北海道 根室市
63%
特別区 東京都 練馬区
63%
千葉県 野田市
63%
岩手県 野田村
63%
北海道 函館市
63%
青森県 八戸市
63%
埼玉県 羽生市
63%
東京都 羽村市
63%
大阪府 東大阪市
63%
沖縄県 東村
63%
東京都 東村山市
63%
山口県 光市
63%
岡山県 備前市
63%
埼玉県 日高市
63%
北海道 | 和歌山県 日高町
63%
高知県 日高村
63%
大分県 日田市
63%
岐阜県 飛騨市
63%
茨城県 常陸太田市
63%
茨城県 常陸大宮市
63%
茨城県 日立市
63%
東京都 日野市
63%
滋賀県 | 鳥取県 日野町
63%
東京都 檜原村
63%
富山県 氷見市
63%
兵庫県 姫路市
63%
青森県 弘前市
63%
埼玉県 深谷市
63%
福井県 福井市
63%
広島県 福山市
63%
群馬県 藤岡市
63%
山梨県 富士河口湖町
63%
山梨県 富士川町
63%
静岡県 富士市
63%
静岡県 富士宮市
63%
埼玉県 富士見市
63%
埼玉県 ふじみ野市
63%
長野県 富士見町
63%
東京都 福生市
63%
千葉県 富津市
63%
千葉県 船橋市
63%
北海道 北斗市
63%
山梨県 北杜市
63%
茨城県 鉾田市
63%
群馬県 前橋市
63%
三重県 松阪市
63%
千葉県 松戸市
63%
長野県 松本市
63%
香川県 丸亀市
63%
神奈川県 三浦市
63%
埼玉県 三郷市
63%
宮崎県 | 島根県 | 秋田県 美郷町
63%
埼玉県 | 宮城県 | 熊本県 美里町
63%
静岡県 三島市
63%
福島県 三島町
63%
鹿児島県 三島村
63%
東京都 三鷹市
63%
茨城県 水戸市
63%
兵庫県 南あわじ市
63%
徳島県 美波町
63%
長野県 宮田村
63%
愛知県 みよし市
63%
広島県 三次市
63%
徳島県 三好市
63%
埼玉県 三芳町
63%
東京都 武蔵野市
63%
東京都 武蔵村山市
63%
青森県 むつ市
63%
新潟県 村上市
63%
栃木県 茂木町
63%
岩手県 盛岡市
63%
北海道 | 静岡県 森町
63%
栃木県 矢板市
63%
熊本県 山鹿市
63%
山形県 山形市
63%
岐阜県 山県市
63%
長野県 山形村
63%
山口県 山口市
63%
奈良県 大和郡山市
63%
神奈川県 大和市
63%
鹿児島県 大和村
63%
熊本県 山都町
63%
茨城県 結城市
63%
北海道 夕張市
63%
秋田県 横手市
63%
神奈川県 横浜市
63%
青森県 横浜町
63%
群馬県 吉岡町
63%
島根県 吉賀町
63%
埼玉県 吉川市
63%
奈良県 吉野町
63%
埼玉県 吉見町
63%
茨城県 龍ケ崎市
63%
青森県 六戸町
63%
和歌山県 和歌山市
63%
石川県 輪島市
63%
北海道 稚内市
63%
埼玉県 蕨市
63%
滋賀県 愛荘町
50%
愛媛県 愛南町
50%
北海道 愛別町
50%
鹿児島県 姶良市
50%
広島県 安芸太田町
50%
愛知県 阿久比町
50%
鹿児島県 阿久根市
50%
兵庫県 朝来市
50%
青森県 鰺ヶ沢町
50%
北海道 芦別市
50%
兵庫県 芦屋市
50%
福岡県 芦屋町
50%
奈良県 明日香村
50%
熊本県 阿蘇市
50%
特別区 東京都 足立区
50%
静岡県 熱海市
50%
長野県 阿智村
50%
北海道 網走市
50%
茨城県 阿見町
50%
神奈川県 綾瀬市
50%
宮崎県 綾町
50%
京都府 綾部市
50%
佐賀県 有田町
50%
福井県 あわら市
50%
群馬県 安中市
50%
長野県 飯田市
50%
三重県 伊賀市
50%
茨城県 石岡市
50%
静岡県 伊豆市
50%
静岡県 伊豆の国市
50%
大阪府 泉佐野市
50%
大阪府 和泉市
50%
群馬県 伊勢崎市
50%
神奈川県 伊勢原市
50%
群馬県 板倉町
50%
茨城県 潮来市
50%
千葉県 市川市
50%
兵庫県 市川町
50%
岩手県 一戸町
50%
新潟県 糸魚川市
50%
静岡県 伊東市
50%
愛知県 稲沢市
50%
三重県 いなべ市
50%
福島県 猪苗代町
50%
愛媛県 今治市
50%
青森県 今別町
50%
静岡県 磐田市
50%
和歌山県 岩出市
50%
京都府 宇治田原町
50%
奈良県 宇陀市
50%
石川県 内灘町
50%
栃木県 宇都宮市
50%
熊本県 宇土市
50%
山口県 宇部市
50%
長野県 売木村
50%
愛媛県 宇和島市
50%
岐阜県 恵那市
50%
北海道 恵庭市
50%
神奈川県 海老名市
50%
北海道 江別市
50%
滋賀県 近江八幡市
50%
群馬県 邑楽町
50%
千葉県 大網白里市
50%
山形県 大石田町
50%
神奈川県 大磯町
50%
大分県 大分市
50%
岐阜県 大垣市
50%
福岡県 大木町
50%
福島県 大熊町
50%
大阪府 大阪狭山市
50%
広島県 大竹市
50%
島根県 大田市
50%
福島県 大玉村
50%
栃木県 大田原市
50%
熊本県 大津町
50%
福井県 大野市
50%
岐阜県 大野町
50%
愛知県 大府市
50%
長野県 大町市
50%
佐賀県 大町町
50%
長崎県 大村市
50%
埼玉県 小鹿野町
50%
沖縄県 沖縄市
50%
島根県 隠岐の島町
50%
東京都 奥多摩町
50%
北海道 長万部町
50%
長野県 小谷村
50%
北海道 小樽市
50%
新潟県 小千谷市
50%
山形県 尾花沢市
50%
北海道 帯広市
50%
北海道 小平町
50%
長野県 小布施町
50%
静岡県 御前崎市
50%
茨城県 小美玉市
50%
栃木県 小山市
50%
静岡県 小山町
50%
三重県 尾鷲市
50%
宮城県 角田市
50%
静岡県 掛川市
50%
鹿児島県 鹿児島市
50%
茨城県 笠間市
50%
奈良県 橿原市
50%
新潟県 柏崎市
50%
大阪府 柏原市
50%
愛知県 春日井市
50%
秋田県 潟上市
50%
大阪府 交野市
50%
秋田県 鹿角市
50%
奈良県 葛城市
50%
和歌山県 かつらぎ町
50%
愛知県 蟹江町
50%
栃木県 鹿沼市
50%
岩手県 金ケ崎町
50%
山形県 | 福島県 金山町
50%
石川県 かほく市
50%
山形県 河北町
50%
岩手県 釜石市
50%
千葉県 鎌ケ谷市
50%
秋田県 上小阿仁村
50%
埼玉県 上里町
50%
茨城県 神栖市
50%
栃木県 上三川町
50%
山形県 上山市
50%
京都府 亀岡市
50%
三重県 亀山市
50%
千葉県 鴨川市
50%
愛知県 刈谷市
50%
新潟県 刈羽村
50%
奈良県 | 長野県 川上村
50%
石川県 川北町
50%
大阪府 河内長野市
50%
茨城県 河内町
50%
兵庫県 川西市
50%
奈良県 | 山形県 川西町
50%
福島県 川俣町
50%
福岡県 香春町
50%
静岡県 菊川市
50%
北海道 木古内町
50%
千葉県 木更津市
50%
三重県 木曽岬町
50%
長野県 木曽町
50%
長野県 木祖村
50%
福島県 喜多方市
50%
岩手県 北上市
50%
福島県 北塩原村
50%
北海道 北見市
50%
和歌山県 紀の川市
50%
岐阜県 岐阜市
50%
千葉県 君津市
50%
埼玉県 行田市
50%
京都府 京田辺市
50%
京都府 京丹波町
50%
愛知県 清須市
50%
千葉県 鋸南町
50%
埼玉県 久喜市
50%
滋賀県 草津市
50%
群馬県 草津町
50%
岩手県 久慈市
50%
山口県 下松市
50%
大分県 国東市
50%
埼玉県 熊谷市
50%
熊本県 熊本市
50%
鳥取県 倉吉市
50%
青森県 黒石市
50%
富山県 黒部市
50%
北海道 黒松内町
50%
宮城県 気仙沼市
50%
特別区 東京都 江東区
50%
埼玉県 鴻巣市
50%
山梨県 甲府市
50%
鳥取県 江府町
50%
兵庫県 神戸市
50%
福島県 桑折町
50%
福島県 郡山市
50%
茨城県 五霞町
50%
東京都 国分寺市
50%
埼玉県 越谷市
50%
奈良県 五條市
50%
静岡県 御殿場市
50%
愛知県 小牧市
50%
石川県 小松市
50%
長野県 小諸市
50%
香川県 坂出市
50%
山形県 寒河江市
50%
千葉県 栄町
50%
長野県 栄村
50%
山形県 酒田市
50%
神奈川県 相模原市
50%
長野県 佐久穂町
50%
奈良県 桜井市
50%
埼玉県 幸手市
50%
鹿児島県 薩摩川内市
50%
鹿児島県 さつま町
50%
新潟県 佐渡市
50%
栃木県 佐野市
50%
神奈川県 座間市
50%
新潟県 三条市
50%
兵庫県 三田市
50%
山口県 山陽小野田市
50%
石川県 志賀町
50%
埼玉県 志木市
50%
愛媛県 四国中央市
50%
岩手県 雫石町
50%
長野県 信濃町
50%
新潟県 新発田市
50%
宮城県 柴田町
50%
北海道 士別市
50%
北海道 標津町
50%
北海道 蘂取村
50%
静岡県 島田市
50%
北海道 | 静岡県 清水町
50%
山口県 周南市
50%
新潟県 上越市
50%
茨城県 常総市
50%
山形県 庄内町
50%
和歌山県 白浜町
50%
千葉県 白井市
50%
宮城県 白石市
50%
佐賀県 白石町
50%
山形県 新庄市
50%
岡山県 新庄村
50%
群馬県 榛東村
50%
北海道 新十津川町
50%
大阪府 吹田市
50%
長野県 須坂市
50%
神奈川県 逗子市
50%
北海道 砂川市
50%
特別区 東京都 墨田区
50%
新潟県 聖籠町
50%
岐阜県 関ケ原町
50%
新潟県 関川村
50%
特別区 東京都 世田谷区
50%
岡山県 瀬戸内市
50%
鹿児島県 瀬戸内町
50%
愛知県 瀬戸市
50%
香川県 善通寺市
50%
秋田県 仙北市
50%
岡山県 総社市
50%
福島県 相馬市
50%
千葉県 袖ケ浦市
50%
秋田県 大仙市
50%
鳥取県 大山町
50%
大阪府 大東市
50%
宮城県 大和町
50%
大阪府 高石市
50%
富山県 高岡市
50%
滋賀県 高島市
50%
滋賀県 多賀町
50%
茨城県 高萩市
50%
愛知県 高浜市
50%
福井県 高浜町
50%
兵庫県 宝塚市
50%
北海道 滝川市
50%
岩手県 滝沢市
50%
三重県 多気町
50%
岐阜県 多治見市
50%
兵庫県 たつの市
50%
長野県 辰野町
50%
北海道 | 福島県 伊達市
50%
群馬県 館林市
50%
千葉県 館山市
50%
富山県 立山町
50%
愛知県 田原市
50%
岡山県 玉野市
50%
群馬県 玉村町
50%
福島県 田村市
50%
兵庫県 丹波篠山市
50%
兵庫県 丹波市
50%
神奈川県 茅ヶ崎市
50%
愛知県 知多市
50%
長野県 茅野市
50%
千葉県 千葉市
50%
千葉県 銚子市
50%
特別区 東京都 千代田区
50%
群馬県 千代田町
50%
青森県 つがる市
50%
愛知県 津島市
50%
長崎県 対馬市
50%
茨城県 土浦市
50%
石川県 津幡町
50%
新潟県 燕市
50%
群馬県 嬬恋村
50%
埼玉県 鶴ヶ島市
50%
島根県 津和野町
50%
山形県 天童市
50%
埼玉県 ときがわ町
50%
徳島県 徳島市
50%
鹿児島県 徳之島町
50%
埼玉県 所沢市
50%
高知県 土佐市
50%
高知県 土佐町
50%
東京都 利島村
50%
鹿児島県 十島村
50%
佐賀県 鳥栖市
50%
埼玉県 戸田市
50%
奈良県 十津川村
50%
鳥取県 鳥取市
50%
富山県 砺波市
50%
三重県 鳥羽市
50%
北海道 苫小牧市
50%
富山県 富山市
50%
愛知県 豊明市
50%
北海道 豊頃町
50%
大阪府 豊中市
50%
茨城県 取手市
50%
青森県 十和田市
50%
大阪府 富田林市
50%
静岡県 長泉町
50%
京都府 長岡京市
50%
新潟県 長岡市
50%
岐阜県 中津川市
50%
大分県 中津市
50%
山口県 長門市
50%
滋賀県 長浜市
50%
千葉県 流山市
50%
長野県 長和町
50%
長野県 南木曽町
50%
岡山県 奈義町
50%
石川県 七尾市
50%
福島県 浪江町
50%
茨城県 行方市
50%
北海道 名寄市
50%
千葉県 習志野市
50%
福島県 楢葉町
50%
徳島県 鳴門市
50%
京都府 南丹市
50%
山梨県 | 青森県 | 鳥取県 南部町
50%
埼玉県 新座市
50%
東京都 新島村
50%
岡山県 新見市
50%
福島県 西会津町
50%
山形県 西川町
50%
兵庫県 西脇市
50%
宮崎県 日南市
50%
鳥取県 日南町
50%
神奈川県 二宮町
50%
福島県 二本松市
50%
大阪府 寝屋川市
50%
長野県 野沢温泉村
50%
石川県 能登町
50%
石川県 野々市市
50%
青森県 野辺地町
50%
石川県 能美市
50%
石川県 羽咋市
50%
石川県 白山市
50%
神奈川県 箱根町
50%
東京都 八王子市
50%
岩手県 八幡平市
50%
岩手県 花巻市
50%
静岡県 浜松市
50%
山梨県 早川町
50%
岡山県 早島町
50%
長野県 原村
50%
埼玉県 飯能市
50%
滋賀県 東近江市
50%
東京都 東久留米市
50%
岐阜県 東白川村
50%
埼玉県 東秩父村
50%
広島県 東広島市
50%
宮城県 東松島市
50%
埼玉県 東松山市
50%
熊本県 氷川町
50%
東京都 日の出町
50%
北海道 美唄市
50%
宮崎県 日向市
50%
岩手県 平泉町
50%
大阪府 枚方市
50%
青森県 平川市
50%
神奈川県 平塚市
50%
青森県 平内町
50%
北海道 広尾町
50%
広島県 広島市
50%
岩手県 洋野町
50%
福島県 広野町
50%
北海道 深川市
50%
福島県 福島市
50%
北海道 福島町
50%
福岡県 福智町
50%
京都府 福知山市
50%
山梨県 富士吉田市
50%
福島県 双葉町
50%
広島県 | 東京都 府中市
50%
広島県 府中町
50%
富山県 舟橋村
50%
特別区 東京都 文京区
50%
大分県 別府市
50%
山口県 防府市
50%
埼玉県 本庄市
50%
東京都 町田市
50%
島根県 松江市
50%
神奈川県 松田町
50%
愛媛県 松山市
50%
山形県 真室川町
50%
北海道 三笠市
50%
山形県 三川町
50%
兵庫県 三木市
50%
香川県 三木町
50%
大阪府 岬町
50%
岡山県 美咲町
50%
青森県 三沢市
50%
岐阜県 瑞浪市
50%
岐阜県 瑞穂市
50%
東京都 瑞穂町
50%
秋田県 三種町
50%
新潟県 見附市
50%
香川県 三豊市
50%
群馬県 みどり市
50%
群馬県 みなかみ町
50%
特別区 東京都 港区
50%
埼玉県 皆野町
50%
福島県 南会津町
50%
神奈川県 南足柄市
50%
山梨県 南アルプス市
50%
静岡県 南伊豆町
50%
宮城県 南三陸町
50%
福島県 南相馬市
50%
大阪府 箕面市
50%
岐阜県 美濃加茂市
50%
岐阜県 美濃市
50%
和歌山県 | 愛知県 | 福井県 美浜町
50%
三重県 御浜町
50%
広島県 三原市
50%
高知県 三原村
50%
岡山県 美作市
50%
佐賀県 みやき町
50%
岩手県 宮古市
50%
福岡県 みやこ町
50%
新潟県 妙高市
50%
宮城県 村田町
50%
山形県 村山市
50%
北海道 室蘭市
50%
三重県 | 群馬県 明和町
50%
特別区 東京都 目黒区
50%
栃木県 真岡市
50%
埼玉県 毛呂山町
50%
北海道 紋別市
50%
静岡県 焼津市
50%
大阪府 八尾市
50%
北海道 八雲町
50%
長野県 泰阜村
50%
島根県 安来市
50%
滋賀県 野洲市
50%
千葉県 八千代市
50%
茨城県 八千代町
50%
愛知県 弥富市
50%
新潟県 弥彦村
50%
福島県 矢吹町
50%
兵庫県 養父市
50%
岩手県 山田町
50%
奈良県 大和高田市
50%
山梨県 山中湖村
50%
山梨県 山梨市
50%
長野県 山ノ内町
50%
福島県 湯川村
50%
神奈川県 湯河原町
50%
山形県 遊佐町
50%
秋田県 湯沢市
50%
新潟県 湯沢町
50%
秋田県 由利本荘市
50%
北海道 余市町
50%
千葉県 横芝光町
50%
静岡県 吉田町
50%
三重県 四日市市
50%
埼玉県 嵐山町
50%
岩手県 陸前高田市
50%
滋賀県 竜王町
50%
北海道 留萌市
50%
埼玉県 和光市
50%
沖縄県 粟国村
38%
福島県 浅川町
38%
熊本県 あさぎり町
38%
福岡県 朝倉市
38%
北海道 足寄町
38%
北海道 厚岸町
38%
北海道 厚沢部町
38%
北海道 厚真町
38%
北海道 安平町
38%
山口県 阿武町
38%
鹿児島県 天城町
38%
熊本県 天草市
38%
鹿児島県 奄美市
38%
熊本県 荒尾市
38%
和歌山県 有田川町
38%
和歌山県 有田市
38%
愛知県 安城市
38%
長野県 飯綱町
38%
山形県 飯豊町
38%
長野県 飯山市
38%
沖縄県 伊江村
38%
長崎県 壱岐市
38%
長野県 生坂村
38%
大阪府 池田市
38%
北海道 | 岐阜県 | 福井県 | 長野県 池田町
38%
奈良県 生駒市
38%
宮城県 石巻市
38%
大阪府 泉大津市
38%
福島県 泉崎村
38%
千葉県 いすみ市
38%
鹿児島県 出水市
38%
新潟県 出雲崎町
38%
島根県 出雲市
38%
徳島県 板野町
38%
兵庫県 伊丹市
38%
青森県 板柳町
38%
岩手県 一関市
38%
愛知県 一宮市
38%
千葉県 一宮町
38%
沖縄県 糸満市
38%
兵庫県 稲美町
38%
和歌山県 印南町
38%
京都府 伊根町
38%
高知県 いの町
38%
岐阜県 揖斐川町
38%
鹿児島県 指宿市
38%
北海道 今金町
38%
佐賀県 伊万里市
38%
愛媛県 伊予市
38%
岩手県 岩泉町
38%
山口県 岩国市
38%
愛知県 岩倉市
38%
北海道 岩内町
38%
宮城県 岩沼市
38%
富山県 魚津市
38%
新潟県 魚沼市
38%
熊本県 宇城市
38%
福岡県 うきは市
38%
秋田県 羽後町
38%
大分県 宇佐市
38%
大分県 臼杵市
38%
熊本県 産山村
38%
福岡県 宇美町
38%
北海道 浦河町
38%
北海道 浦幌町
38%
北海道 雨竜町
38%
沖縄県 うるま市
38%
島根県 雲南市
38%
福井県 永平寺町
38%
北海道 江差町
38%
北海道 枝幸町
38%
広島県 江田島市
38%
福井県 越前市
38%
福井県 越前町
38%
宮崎県 えびの市
38%
北海道 えりも町
38%
北海道 遠軽町
38%
北海道 遠別町
38%
奈良県 王寺町
38%
岩手県 奥州市
38%
長野県 王滝村
38%
北海道 雄武町
38%
秋田県 大潟村
38%
福岡県 大川市
38%
高知県 大川村
38%
愛知県 大口町
38%
山形県 大蔵村
38%
長野県 大桑村
38%
広島県 大崎上島町
38%
長野県 大鹿村
38%
三重県 大台町
38%
千葉県 大多喜町
38%
高知県 大豊町
38%
島根県 邑南町
38%
福岡県 大野城市
38%
宮城県 大衡村
38%
福岡県 大牟田市
38%
京都府 大山崎町
38%
奈良県 大淀町
38%
愛知県 岡崎市
38%
島根県 奥出雲町
38%
北海道 奥尻町
38%
山形県 | 熊本県 小国町
38%
埼玉県 桶川市
38%
埼玉県 越生町
38%
北海道 興部町
38%
神奈川県 小田原市
38%
長崎県 小値賀町
38%
高知県 越知町
38%
宮城県 女川町
38%
兵庫県 小野市
38%
福島県 小野町
38%
広島県 尾道市
38%
福井県 小浜市
38%
富山県 小矢部市
38%
愛知県 尾張旭市
38%
神奈川県 開成町
38%
広島県 海田町
38%
岐阜県 海津市
38%
和歌山県 海南市
38%
石川県 加賀市
38%
岐阜県 各務原市
38%
兵庫県 加西市
38%
京都府 笠置町
38%
青森県 風間浦村
38%
岐阜県 笠松町
38%
奈良県 香芝市
38%
群馬県 片品村
38%
福島県 葛尾村
38%
兵庫県 加東市
38%
大阪府 門真市
38%
大阪府 河南町
38%
鹿児島県 鹿屋市
38%
愛知県 蒲郡市
38%
熊本県 上天草市
38%
徳島県 上板町
38%
富山県 上市町
38%
徳島県 上勝町
38%
兵庫県 上郡町
38%
愛媛県 上島町
38%
北海道 上砂川町
38%
山口県 上関町
38%
北海道 神恵内村
38%
奈良県 河合町
38%
福島県 川内村
38%
静岡県 河津町
38%
静岡県 川根本町
38%
岐阜県 川辺町
38%
宮崎県 川南町
38%
島根県 川本町
38%
香川県 観音寺市
38%
佐賀県 神埼市
38%
奈良県 上牧町
38%
群馬県 甘楽町
38%
鹿児島県 喜界町
38%
熊本県 菊池市
38%
熊本県 菊陽町
38%
長野県 木島平村
38%
大阪府 岸和田市
38%
岐阜県 北方町
38%
高知県 北川村
38%
福岡県 北九州市
38%
埼玉県 北本市
38%
和歌山県 北山村
38%
京都府 木津川市
38%
岐阜県 岐南町
38%
岡山県 吉備中央町
38%
三重県 紀宝町
38%
三重県 紀北町
38%
愛媛県 鬼北町
38%
鹿児島県 肝付町
38%
北海道 喜茂別町
38%
佐賀県 基山町
38%
北海道 共和町
38%
神奈川県 清川村
38%
北海道 清里町
38%
鹿児島県 霧島市
38%
宮崎県 串間市
38%
和歌山県 串本町
38%
千葉県 九十九里町
38%
岐阜県 郡上市
38%
岩手県 葛巻町
38%
北海道 倶知安町
38%
沖縄県 国頭村
38%
福島県 国見町
38%
愛媛県 久万高原町
38%
大阪府 熊取町
38%
岡山県 久米南町
38%
福岡県 鞍手町
38%
宮城県 栗原市
38%
奈良県 黒滝村
38%
三重県 桑名市
38%
岐阜県 下呂市
38%
滋賀県 甲賀市
38%
千葉県 神崎町
38%
熊本県 合志市
38%
山梨県 甲州市
38%
愛知県 幸田町
38%
高知県 高知市
38%
島根県 江津市
38%
岐阜県 神戸町
38%
長野県 小海町
38%
和歌山県 高野町
38%
東京都 小金井市
38%
大分県 九重町
38%
静岡県 湖西市
38%
秋田県 小坂町
38%
和歌山県 古座川町
38%
北海道 小清水町
38%
奈良県 御所市
38%
新潟県 五泉市
38%
東京都 小平市
38%
長崎県 五島市
38%
宮崎県 小林市
38%
和歌山県 御坊市
38%
長野県 駒ヶ根市
38%
徳島県 小松島市
38%
宮城県 蔵王町
38%
長野県 坂城町
38%
埼玉県 坂戸市
38%
高知県 佐川町
38%
山形県 鮭川村
38%
長崎県 佐世保市
38%
岡山県 里庄町
38%
香川県 さぬき市
38%
福井県 鯖江市
38%
神奈川県 寒川町
38%
北海道 猿払村
38%
奈良県 三郷町
38%
千葉県 山武市
38%
宮城県 塩竈市
38%
長野県 塩尻市
38%
栃木県 塩谷町
38%
北海道 鹿追町
38%
北海道 鹿部町
38%
宮城県 色麻町
38%
北海道 色丹村
38%
大阪府 四條畷市
38%
宮城県 七ヶ宿町
38%
宮城県 七ヶ浜町
38%
特別区 東京都 品川区
38%
千葉県 芝山町
38%
群馬県 渋川市
38%
鹿児島県 志布志市
38%
北海道 島牧村
38%
福岡県 志免町
38%
北海道 下川町
38%
福島県 下郷町
38%
長野県 下條村
38%
北海道 積丹町
38%
北海道 紗那村
38%
北海道 斜里町
38%
岡山県 勝央町
38%
香川県 小豆島町
38%
広島県 庄原市
38%
京都府 城陽市
38%
北海道 白老町
38%
千葉県 白子町
38%
山形県 白鷹町
38%
北海道 白糠町
38%
岩手県 紫波町
38%
兵庫県 新温泉町
38%
長崎県 新上五島町
38%
和歌山県 新宮市
38%
福岡県 新宮町
38%
青森県 新郷村
38%
北海道 新篠津村
38%
広島県 神石高原町
38%
福島県 新地町
38%
福岡県 須恵町
38%
山口県 周防大島町
38%
福島県 須賀川市
38%
高知県 須崎市
38%
和歌山県 すさみ町
38%
三重県 鈴鹿市
38%
石川県 珠洲市
38%
静岡県 裾野市
38%
北海道 寿都町
38%
兵庫県 洲本市
38%
愛媛県 西予市
38%
北海道 せたな町
38%
広島県 世羅町
38%
大阪府 泉南市
38%
千葉県 匝瑳市
38%
青森県 外ヶ浜町
38%
奈良県 曽爾村
38%
北海道 大樹町
38%
三重県 大紀町
38%
茨城県 大子町
38%
兵庫県 | 大阪府 太子町
38%
新潟県 胎内市
38%
群馬県 高崎市
38%
兵庫県 高砂市
38%
宮城県 多賀城市
38%
奈良県 高取町
38%
岡山県 高梁市
38%
山形県 高畠町
38%
宮崎県 高原町
38%
新潟県 田上町
38%
熊本県 | 長野県 高森町
38%
北海道 滝上町
38%
広島県 竹原市
38%
福島県 只見町
38%
東京都 立川市
38%
青森県 田子町
38%
長野県 立科町
38%
和歌山県 田辺市
38%
高知県 田野町
38%
岩手県 田野畑村
38%
山梨県 丹波山村
38%
福島県 玉川村
38%
岐阜県 垂井町
38%
鹿児島県 垂水市
38%
奈良県 田原本町
38%
福岡県 筑後市
38%
福岡県 筑紫野市
38%
福岡県 筑前町
38%
長野県 千曲市
38%
鳥取県 智頭町
38%
北海道 秩父別町
38%
鹿児島県 知名町
38%
島根県 知夫村
38%
千葉県 長生村
38%
千葉県 長南町
38%
東京都 調布市
38%
愛知県 知立市
38%
北海道 月形町
38%
熊本県 津奈木町
38%
新潟県 津南町
38%
岡山県 津山市
38%
北海道 鶴居村
38%
徳島県 つるぎ町
38%
青森県 鶴田町
38%
北海道 弟子屈町
38%
福島県 天栄村
38%
長野県 天龍村
38%
三重県 東員町
38%
愛知県 東栄町
38%
愛媛県 東温市
38%
千葉県 東金市
38%
北海道 当別町
38%
青森県 東北町
38%
北海道 当麻町
38%
長野県 東御市
38%
北海道 洞爺湖町
38%
新潟県 十日町市
38%
愛知県 常滑市
38%
高知県 土佐清水市
38%
愛媛県 砥部町
38%
北海道 泊村
38%
千葉県 富里市
38%
宮城県 富谷市
38%
宮城県 登米市
38%
北海道 豊浦町
38%
兵庫県 豊岡市
38%
長野県 豊丘村
38%
滋賀県 豊郷町
38%
北海道 豊富町
38%
愛知県 豊根村
38%
大阪府 豊能町
38%
愛知県 豊山町
38%
北海道 奈井江町
38%
神奈川県 中井町
38%
福岡県 那珂川市
38%
北海道 中川町
38%
栃木県 那珂川町
38%
長野県 中川村
38%
愛知県 長久手市
38%
長崎県 長崎市
38%
北海道 中標津町
38%
鹿児島県 長島町
38%
福島県 中島村
38%
熊本県 長洲町
38%
高知県 中土佐町
38%
青森県 中泊町
38%
北海道 中頓別町
38%
北海道 長沼町
38%
石川県 中能登町
38%
福岡県 中間市
38%
長崎県 長与町
38%
千葉県 長柄町
38%
熊本県 和水町
38%
和歌山県 那智勝浦町
38%
宮城県 名取市
38%
北海道 七飯町
38%
高知県 奈半利町
38%
埼玉県 滑川町
38%
富山県 滑川市
38%
山梨県 鳴沢村
38%
高知県 南国市
38%
沖縄県 南城市
38%
富山県 南砺市
38%
北海道 南幌町
38%
山形県 南陽市
38%
愛媛県 新居浜市
38%
北海道 仁木町
38%
岡山県 西粟倉村
38%
静岡県 西伊豆町
38%
北海道 西興部村
38%
愛知県 西尾市
38%
熊本県 錦町
38%
福島県 西郷村
38%
東京都 西東京市
38%
島根県 西ノ島町
38%
岩手県 西和賀町
38%
北海道 ニセコ町
38%
山梨県 韮崎市
38%
栃木県 野木町
38%
奈良県 野迫川村
38%
大阪府 能勢町
38%
北海道 登別市
38%
栃木県 芳賀町
38%
山口県 萩市
38%
長野県 白馬村
38%
岐阜県 羽島市
38%
和歌山県 橋本市
38%
神奈川県 秦野市
38%
東京都 八丈町
38%
広島県 廿日市市
38%
秋田県 八峰町
38%
埼玉県 鳩山町
38%
福島県 塙町
38%
大阪府 羽曳野市
38%
北海道 羽幌町
38%
島根県 浜田市
38%
北海道 浜頓別町
38%
神奈川県 葉山町
38%
福島県 磐梯町
38%
愛知県 半田市
38%
茨城県 坂東市
38%
大阪府 阪南市
38%
北海道 美瑛町
38%
群馬県 東吾妻町
38%
静岡県 東伊豆町
38%
香川県 東かがわ市
38%
鹿児島県 東串良町
38%
青森県 東通村
38%
秋田県 東成瀬村
38%
山形県 東根市
38%
徳島県 東みよし町
38%
東京都 東大和市
38%
奈良県 東吉野村
38%
大分県 日出町
38%
和歌山県 日高川町
38%
茨城県 ひたちなか市
38%
北海道 比布町
38%
福島県 檜枝岐村
38%
北海道 美深町
38%
北海道 美幌町
38%
山口県 平生町
38%
福島県 平田村
38%
和歌山県 | 福岡県 広川町
38%
山梨県 笛吹市
38%
青森県 深浦町
38%
福岡県 福岡市
38%
兵庫県 福崎町
38%
福岡県 福津市
38%
静岡県 袋井市
38%
大阪府 藤井寺市
38%
静岡県 藤枝市
38%
青森県 藤崎町
38%
秋田県 藤里町
38%
神奈川県 藤沢市
38%
愛知県 扶桑町
38%
山形県 舟形町
38%
北海道 富良野市
38%
愛知県 碧南市
38%
北海道 別海町
38%
石川県 宝達志水町
38%
鳥取県 北栄町
38%
北海道 北竜町
38%
北海道 幌加内町
38%
北海道 幌延町
38%
北海道 本別町
38%
京都府 舞鶴市
38%
静岡県 牧之原市
38%
鹿児島県 枕崎市
38%
北海道 | 愛媛県 松前町
38%
熊本県 益城町
38%
島根県 益田市
38%
長崎県 松浦市
38%
長野県 松川町
38%
長野県 松川村
38%
宮城県 松島町
38%
大阪府 松原市
38%
埼玉県 松伏町
38%
神奈川県 真鶴町
38%
宮城県 丸森町
38%
鳥取県 三朝町
38%
熊本県 水上村
38%
福岡県 水巻町
38%
岐阜県 御嵩町
38%
奈良県 御杖村
38%
和歌山県 みなべ町
38%
熊本県 水俣市
38%
熊本県 南阿蘇村
38%
三重県 南伊勢町
38%
新潟県 南魚沼市
38%
福井県 南越前町
38%
鹿児島県 南さつま市
38%
愛知県 南知多町
38%
千葉県 南房総市
38%
長野県 南箕輪村
38%
京都府 南山城村
38%
山口県 美祢市
38%
長野県 箕輪町
38%
福島県 三春町
38%
栃木県 壬生町
38%
茨城県 美浦村
38%
徳島県 美馬市
38%
奈良県 三宅町
38%
東京都 三宅村
38%
沖縄県 宮古島市
38%
埼玉県 宮代町
38%
京都府 宮津市
38%
福岡県 みやま市
38%
長野県 御代田町
38%
北海道 むかわ町
38%
京都府 向日市
38%
千葉県 睦沢町
38%
高知県 室戸市
38%
山形県 最上町
38%
北海道 妹背牛町
38%
岐阜県 本巣市
38%
福島県 本宮市
38%
高知県 本山町
38%
千葉県 茂原市
38%
岐阜県 八百津町
38%
鹿児島県 屋久島町
38%
埼玉県 八潮市
38%
鳥取県 八頭町
38%
熊本県 八代市
38%
山口県 柳井市
38%
福島県 柳津町
38%
岩手県 矢巾町
38%
熊本県 山江村
38%
奈良県 山添村
38%
福島県 矢祭町
38%
福岡県 八女市
38%
京都府 八幡市
38%
愛媛県 八幡浜市
38%
鹿児島県 湧水町
38%
北海道 湧別町
38%
高知県 檮原町
38%
北海道 由仁町
38%
大分県 由布市
38%
鳥取県 湯梨浜町
38%
佐賀県 吉野ヶ里町
38%
徳島県 吉野川市
38%
千葉県 四街道市
38%
鳥取県 米子市
38%
山形県 米沢市
38%
青森県 蓬田村
38%
鹿児島県 与論町
38%
北海道 羅臼町
38%
北海道 利尻町
38%
滋賀県 栗東市
38%
宮城県 利府町
38%
北海道 留寿都村
38%
北海道 留別村
38%
北海道 留夜別村
38%
熊本県 苓北町
38%
福井県 若狭町
38%
鳥取県 若桜町
38%
山口県 和木町
38%
岡山県 和気町
38%
宮城県 亘理町
38%
北海道 和寒町
38%
熊本県 芦北町
25%
石川県 穴水町
25%
香川県 綾川町
25%
新潟県 粟島浦村
25%
奈良県 安堵町
25%
岐阜県 安八町
25%
長野県 飯島町
25%
福島県 飯舘村
25%
福岡県 飯塚市
25%
島根県 飯南町
25%
秋田県 井川町
25%
鹿児島県 伊佐市
25%
長崎県 諫早市
25%
徳島県 石井町
25%
沖縄県 石垣市
25%
北海道 石狩市
25%
福島県 石川町
25%
沖縄県 伊是名村
25%
鹿児島県 伊仙町
25%
栃木県 市貝町
25%
山梨県 市川三郷町
25%
鹿児島県 いちき串木野市
25%
京都府 井手町
25%
福岡県 糸島市
25%
福岡県 糸田町
25%
青森県 田舎館村
25%
兵庫県 猪名川町
25%
沖縄県 伊平屋村
25%
千葉県 印西市
25%
鹿児島県 宇検村
25%
香川県 宇多津町
25%
愛媛県 内子町
25%
高知県 馬路村
25%
北海道 浦臼町
25%
沖縄県 浦添市
25%
佐賀県 嬉野市
25%
長崎県 雲仙市
25%
山形県 大江町
25%
宮城県 大河原町
25%
沖縄県 大宜味村
25%
宮城県 大郷町
25%
愛媛県 大洲市
25%
北海道 大空町
25%
秋田県 大館市
25%
岩手県 大槌町
25%
福岡県 大任町
25%
愛知県 大治町
25%
青森県 大鰐町
25%
福岡県 岡垣町
25%
東京都 小笠原村
25%
佐賀県 小城市
25%
北海道 置戸町
25%
福岡県 小郡市
25%
山梨県 忍野村
25%
北海道 音威子府村
25%
北海道 音更町
25%
北海道 乙部町
25%
福岡県 遠賀町
25%
千葉県 御宿町
25%
沖縄県 恩納村
25%
大阪府 貝塚市
25%
徳島県 海陽町
25%
福島県 鏡石町
25%
岡山県 鏡野町
25%
福岡県 粕屋町
25%
沖縄県 嘉手納町
25%
宮崎県 門川町
25%
奈良県 上北山村
25%
北海道 上士幌町
25%
和歌山県 上富田町
25%
北海道 上ノ国町
25%
北海道 上富良野町
25%
徳島県 神山町
25%
佐賀県 唐津市
25%
岩手県 軽米町
25%
福岡県 苅田町
25%
静岡県 函南町
25%
宮崎県 木城町
25%
長野県 北相木村
25%
徳島県 北島町
25%
沖縄県 北大東村
25%
沖縄県 北中城村
25%
大分県 杵築市
25%
沖縄県 宜野座村
25%
沖縄県 宜野湾市
25%
和歌山県 紀美野町
25%
北海道 京極町
25%
熊本県 玉東町
25%
鹿児島県 錦江町
25%
沖縄県 金武町
25%
大分県 玖珠町
25%
和歌山県 九度山町
25%
宮崎県 国富町
25%
京都府 久御山町
25%
沖縄県 久米島町
25%
北海道 栗山町
25%
福岡県 久留米市
25%
広島県 呉市
25%
高知県 黒潮町
25%
北海道 訓子府町
25%
高知県 芸西村
25%
佐賀県 玄海町
25%
北海道 剣淵町
25%
熊本県 甲佐町
25%
東京都 神津島村
25%
愛知県 江南市
25%
高知県 香南市
25%
佐賀県 江北町
25%
滋賀県 甲良町
25%
奈良県 広陵町
25%
宮崎県 五ヶ瀬町
25%
秋田県 五城目町
25%
山梨県 小菅村
25%
福岡県 小竹町
25%
鳥取県 琴浦町
25%
香川県 琴平町
25%
滋賀県 湖南市
25%
東京都 狛江市
25%
三重県 菰野町
25%
長崎県 西海市
25%
大分県 佐伯市
25%
愛媛県 西条市
25%
宮崎県 西都市
25%
岐阜県 坂祝町
25%
福岡県 篠栗町
25%
長崎県 佐々町
25%
北海道 様似町
25%
沖縄県 座間味村
25%
福島県 鮫川村
25%
兵庫県 佐用町
25%
北海道 更別村
25%
北海道 佐呂間町
25%
宮崎県 椎葉村
25%
千葉県 酒々井町
25%
兵庫県 宍粟市
25%
愛知県 設楽町
25%
北海道 標茶町
25%
北海道 士幌町
25%
長崎県 島原市
25%
大阪府 島本町
25%
高知県 四万十市
25%
高知県 四万十町
25%
奈良県 下市町
25%
奈良県 下北山村
25%
北海道 初山別村
25%
北海道 知内町
25%
茨城県 城里町
25%
北海道 新得町
25%
宮崎県 新富町
25%
埼玉県 杉戸町
25%
高知県 宿毛市
25%
岩手県 住田町
25%
京都府 精華町
25%
北海道 壮瞥町
25%
福岡県 添田町
25%
鹿児島県 曽於市
25%
和歌山県 太地町
25%
長野県 喬木村
25%
北海道 鷹栖町
25%
宮崎県 高千穂町
25%
宮崎県 高鍋町
25%
栃木県 高根沢町
25%
福岡県 田川市
25%
佐賀県 多久市
25%
佐賀県 武雄市
25%
大分県 竹田市
25%
沖縄県 竹富町
25%
愛知県 武豊町
25%
千葉県 多古町
25%
福岡県 太宰府市
25%
大阪府 田尻町
25%
大阪府 忠岡町
25%
鹿児島県 龍郷町
25%
香川県 多度津町
25%
福島県 棚倉町
25%
山口県 田布施町
25%
三重県 玉城町
25%
熊本県 玉名市
25%
熊本県 多良木町
25%
佐賀県 太良町
25%
福岡県 築上町
25%
北海道 千歳市
25%
大阪府 千早赤阪村
25%
沖縄県 北谷町
25%
大分県 津久見市
25%
高知県 津野町
25%
宮崎県 都農町
25%
北海道 津別町
25%
北海道 天塩町
25%
奈良県 天川村
25%
愛知県 東郷町
25%
山梨県 道志村
25%
千葉県 東庄町
25%
高知県 東洋町
25%
岩手県 遠野市
25%
沖縄県 渡嘉敷村
25%
山形県 戸沢村
25%
沖縄県 渡名喜村
25%
茨城県 利根町
25%
香川県 土庄町
25%
愛知県 飛島村
25%
北海道 苫前町
25%
岐阜県 富加町
25%
沖縄県 中城村
25%
北海道 中札内村
25%
鹿児島県 中種子町
25%
埼玉県 長瀞町
25%
北海道 中富良野町
25%
山形県 中山町
25%
沖縄県 今帰仁村
25%
三重県 名張市
25%
熊本県 南関町
25%
北海道 新冠町
25%
鹿児島県 西之表市
25%
沖縄県 西原町
25%
熊本県 西原村
25%
愛知県 日進市
25%
富山県 入善町
25%
高知県 仁淀川町
25%
福岡県 直方市
25%
秋田県 能代市
25%
宮崎県 延岡市
25%
沖縄県 南風原町
25%
長崎県 波佐見町
25%
青森県 階上町
25%
埼玉県 蓮田市
25%
秋田県 八郎潟町
25%
北海道 浜中町
25%
兵庫県 播磨町
25%
鳥取県 日吉津村
25%
鹿児島県 日置市
25%
愛知県 東浦町
25%
北海道 東神楽町
25%
北海道 東川町
25%
長崎県 東彼杵町
25%
滋賀県 彦根市
25%
岐阜県 七宗町
25%
熊本県 人吉市
25%
宮崎県 日之影町
25%
大分県 姫島村
25%
長崎県 平戸市
25%
北海道 平取町
25%
長野県 平谷村
25%
福岡県 豊前市
25%
岩手県 普代村
25%
福島県 古殿町
25%
北海道 古平町
25%
大分県 豊後大野市
25%
大分県 豊後高田市
25%
奈良県 平群町
25%
鳥取県 伯耆町
25%
滋賀県 米原市
25%
北海道 幕別町
25%
北海道 増毛町
25%
栃木県 益子町
25%
北海道 真狩村
25%
静岡県 松崎町
25%
愛媛県 松野町
25%
岡山県 真庭市
25%
香川県 まんのう町
25%
東京都 御蔵島村
25%
長野県 南相木村
25%
鹿児島県 南大隅町
25%
熊本県 南小国町
25%
鹿児島県 南九州市
25%
長崎県 南島原市
25%
沖縄県 南大東村
25%
鹿児島県 南種子町
25%
北海道 南富良野町
25%
山梨県 身延町
25%
熊本県 御船町
25%
宮崎県 三股町
25%
宮崎県 都城市
25%
宮崎県 宮崎市
25%
福岡県 宮若市
25%
徳島県 牟岐町
25%
福岡県 宗像市
25%
北海道 芽室町
25%
沖縄県 本部町
25%
大阪府 守口市
25%
茨城県 守谷市
25%
滋賀県 守山市
25%
沖縄県 八重瀬町
25%
高知県 安田町
25%
千葉県 八街市
25%
福岡県 柳川市
25%
神奈川県 山北町
25%
宮城県 山元町
25%
和歌山県 湯浅町
25%
福岡県 行橋市
25%
岐阜県 養老町
25%
神奈川県 横須賀市
25%
埼玉県 横瀬町
25%
京都府 与謝野町
25%
福岡県 吉富町
25%
沖縄県 与那国町
25%
沖縄県 与那原町
25%
埼玉県 寄居町
25%
北海道 蘭越町
25%
北海道 陸別町
25%
北海道 利尻富士町
25%
北海道 礼文町
25%
青森県 六ヶ所村
25%
三重県 度会町
25%
京都府 和束町
25%
鹿児島県 和泊町
25%
岐阜県 輪之内町
25%
愛媛県 伊方町
13%
奈良県 斑鳩町
13%
熊本県 五木村
13%
佐賀県 上峰町
13%
長崎県 川棚町
13%
福岡県 桂川町
13%
福岡県 上毛町
13%
熊本県 相良村
13%
徳島県 佐那河内村
13%
北海道 占冠村
13%
福岡県 大刀洗町
13%
沖縄県 多良間村
13%
福岡県 東峰村
13%
長崎県 時津町
13%
沖縄県 豊見城市
13%
香川県 直島町
13%
山梨県 西桂町
13%
青森県 西目屋村
13%
宮崎県 西米良村
13%
長野県 根羽村
13%
福岡県 久山町
13%
徳島県 松茂町
13%
宮崎県 諸塚村
13%
岡山県 矢掛町
13%
山形県 山辺町
13%
熊本県 湯前町
13%
和歌山県 由良町
13%
沖縄県 読谷村
13%
宮城県 涌谷町
13%
No matching quizzes found
Score Distribution
Percent of People with Each Score
Percentile by Number Answered
Your Score History
You have not taken this quiz